000 00373nam a2200157Ia 4500
999 _c6004
_d6004
003 OSt
005 20190918205920.0
008 190906s9999||||xx |||||||||||||| ||und||
020 _a 978-0764543630
040 _cmaju
100 _aUllman,Chrin
245 0 _aBeginning Active Server Pages 3.0
260 _aUK
_bKogan page Limited
_c2000
300 _a1196
942 _cBK
_2ddc